000 00320nam a22001337a 4500
008 180216b xxu||||| |||| 00| 0 eng d
020 _a0837167973
041 _aeng
080 _a781
100 _a45
101 _aMUZ
245 _aThe Five/ The Evolution of the Russian School of Music
_cZetlin, M
942 _2udc
_cBK
999 _c42820
_d42820